000 00511nam a2200181Ia 4500
008 180921t xxu||||| |||| 00| 0 sin d
041 _asin
080 _a635.582.59
_bEKA
100 _aEkanayake, D.T.
245 _aඩෙන්ඩිරෝයමි ඕකිඩ් වගාව
246 _aDendiromyam ochid vagaava
260 _bDepartmeny of agriculture
300 _a13p., ill., 22 cm
650 _aOrchid
_aFlower
_aFlora
942 _cBK
999 _c16653
_d16653
003 LK-CoDNM
040 _aLK-CoDNM
_dLK-CoDNM
_eLK-CoDNM